| 000 | 01117nam a2200325 a 4500 | ||
|---|---|---|---|
| 005 | 20140310183624.0 | ||
| 008 | 121023s19uu xx 00 eng d | ||
| 020 | _a9780538473200 | ||
| 020 | _a9781111221843 | ||
| 020 | _a1111221847 | ||
| 050 |
_aHF 5635 _b.J76 2012 |
||
| 100 | _aJones, Jefferson P. | ||
| 245 |
_aFinancial and managerial accounting : _bthe cornerstones of business decisions / _cJefferson P. Jones ... [et al]. |
||
| 250 | _a2nd ed.International ed. | ||
| 260 |
_a[Mason, Ohio] : _bSouth-Western/Cengage Learning, _c2012. |
||
| 300 |
_a800 p. : _bcol. ill. ; _c31 cm. |
||
| 500 | _aRev. ed. of: Cornerstones of financial & managerial accounting / Jay S. Rich ... [et al.], 2010. Includes index. | ||
| 521 | _aBSBA | ||
| 650 | _aAccounting | ||
| 650 |
_aAccounting _xProblems, exercises, etc |
||
| 650 | _aManagerial accounting | ||
| 650 |
_aManagerial accounting _xProblems, exercises, etc |
||
| 700 | _aMowen, Maryanne M. | ||
| 700 | _aHansen, Don R. | ||
| 700 | _aHeitger, Dan L. | ||
| 700 | _aRich, Jay S. | ||
| 942 |
_cBK _2lcc _kFOR |
||
| 999 |
_c25469 _d25469 |
||